书目信息 |
| 题名: |
原平凤秧歌研究
|
|
| 作者: | 顾小英 , 王丽霞 , 史莉丽 著 | |
| 分册: | ||
| 出版信息: | 北京 中国文联出版社 2014 |
|
| 页数: | 225页 | |
| 开本: | 24cm | |
| 丛书名: | ||
| 单 册: | ||
| 中图分类: | J722.211 | |
| 科图分类: | ||
| 主题词: | 秧歌舞--研究--原平 | |
| 电子资源: | ||
| ISBN: | 978-7-5059-9000-5 | |
| 000 | 00939nam0 2200265 450 | |
| 001 | 339447 | |
| 005 | 20150608150155.07 | |
| 010 | @a978-7-5059-9000-5@dCNY45.00 | |
| 100 | @a20150318d2014 em y0chiy50 ea | |
| 101 | 0 | @achi |
| 102 | @aCN@b110000 | |
| 105 | @aa z 000yy | |
| 106 | @ar | |
| 200 | 1 | @a原平凤秧歌研究@Ayuan ping feng yang ge yan jiu@f顾小英, 王丽霞, 史莉丽著 |
| 210 | @a北京@c中国文联出版社@d2014 | |
| 215 | @a225页@c图@d24cm | |
| 300 | @a山西省教育厅高校哲社一般项目资助 | |
| 330 | @a本书从学术的角度对凤秧歌的起源、表演形式、艺术风格、特征等方面进行了阐述, 同时结合自编自创的剧目, 从动作、服饰、场图等各方面进行了详尽的描绘。 | |
| 606 | 0 | @a秧歌舞@x研究@y原平 |
| 690 | @aJ722.211@v5 | |
| 701 | 0 | @a顾小英@Agu xiao ying@c(女, @f1967)@4著 |
| 701 | 0 | @a王丽霞@Awang li xia@c(女, 地方戏曲, @f1978)@4著 |
| 701 | 0 | @a史莉丽@Ashi li li@c(女)@4著 |
| 801 | 0 | @aCN@b卓展宏图@c20150525 |
| 905 | @dJ722.211@e138@f4 | |
| 原平凤秧歌研究/顾小英, 王丽霞, 史莉丽著.-北京:中国文联出版社,2014 |
| 225页:图;24cm |
| 山西省教育厅高校哲社一般项目资助 |
| ISBN 978-7-5059-9000-5:CNY45.00 |
| 本书从学术的角度对凤秧歌的起源、表演形式、艺术风格、特征等方面进行了阐述, 同时结合自编自创的剧目, 从动作、服饰、场图等各方面进行了详尽的描绘。 |
| ● |
| 相关链接 |
|
|
|
|
正题名:原平凤秧歌研究
索取号:J722.211/138
 
预约/预借
| 序号 | 登录号 | 条形码 | 馆藏地/架位号 | 状态 | 备注 |
| 1 | 858249 | 208582498 | 第一样本阅览室/ [索取号:J722.211/138] | 在馆 | |
| 2 | 858250 | 208582504 | 第一借阅区/ [索取号:J722.211/138] | 在馆 | |
| 3 | 858251 | 208582513 | 第一借阅区/ [索取号:J722.211/138] | 在馆 | |
| 4 | 858252 | 208582522 | 第一借阅区/ [索取号:J722.211/138] | 在馆 |